Personas por Signo Zodiacal: Virgo - Estadísticas

Estadísticas generales
  • Esta prueba ha sido intentada 37 veces
  • La puntuación promedio es 10 de 16
Estadísticas de respuestas
Imagen Hint Respuesta % Correcto
Cantante Michael Jackson
94%
Cantante Freddie Mercury
91%
Príncipe Enrique de Sussex
88%
Santa Teresa de Calcuta
88%
Cantante Beyoncé
85%
Actriz Zendaya
85%
Actor Adam Sandler
76%
Cantante Amy Winehouse
73%
Cantante Nicki Nicole
61%
Actriz Cameron Diaz
55%
Actor Keanu Reeves
55%
Actriz Salma Hayek
55%
Director de cine Tim Burton
39%
Poeta Jorge Luis Borges
18%
Cantante Jeon Jung-kook
15%
Escritor Julio Cortázar
15%
No se encontraron pruebas coincidentes
Distribución de puntuación
Porcentaje de gente con cada puntuación
Porcentaje por número respondido
Historial de tus puntuaciones
No has intentado esta prueba.